Policing in 21st century / (Record no. 155863)

MARC details
000 -LEADER
fixed length control field 00553nam a22001937a 4500
005 - DATE AND TIME OF LATEST TRANSACTION
control field 20180821114431.0
010 ## - LCCN (DPL NO)
LC control number ENG-123839
020 ## - INTERNATIONAL STANDARD BOOK NUMBER
International Standard Book Number 9789383962013
Terms of availability 300.00
035 ## - SYSTEM CONTROL NUMBER
System control number EN-107371
037 ## - SOURCE OF ACQUISITION
Source of stock number/acquisition DBAD/PUB
082 ## - DEWEY DECIMAL CLASSIFICATION NUMBER
Classification number 363.20954
100 ## - MAIN ENTRY--PERSONAL NAME
Personal name Sen, Sankar
245 ## - TITLE STATEMENT
Title Policing in 21st century /
Statement of responsibility, etc by Sankar Sen
260 ## - PUBLICATION, DISTRIBUTION, ETC. (IMPRINT)
Date of publication, distribution, etc 2014
Place of publication, distribution, etc Delhi
Name of publisher, distributor, etc Anuugya Books
270 ## - ADDRESS
City Delhi
Address 1/10206, West Gorakh Park, Shahdara,
Postal code 110032
300 ## - PHYSICAL DESCRIPTION
Extent 132p.
Dimensions 21cm.(Hb)
500 ## - GENERAL NOTE
General note It includes index
942 ## - ADDED ENTRY ELEMENTS (KOHA)
Source of classification or shelving scheme Dewey Decimal Classification
Item type English Books
Classification part 363.20954
Call number suffix SEN
Holdings
Withdrawn status Lost status Not for loan Collection code Home library Current library Date acquired Source of acquisition Cost, normal purchase price Full call number Barcode Copy number Cost, replacement price Koha item type
    Not For Loan Non-fiction D.B.Act.Division Bawana 14/08/2018 DBAD/PUB 300.00 363.20954 SEN EN-107371 1 300.00 English Books

© Delhi Public Library
Hit Counter
free hit counter